书目信息 |
| 题名: |
建筑工程安全技术与管理
|
|
| 作者: | 郝会娟 主编 | |
| 分册: | ||
| 出版信息: | 北京 中国建筑工业出版社 2021.01 |
|
| 页数: | 203页 | |
| 开本: | 26cm | |
| 丛书名: | 高职高专系列教材 | |
| 单 册: | ||
| 中图分类: | TU714.2 | |
| 科图分类: | ||
| 主题词: | 建筑工程--jian zhu gong cheng--安全技术--高等职业教育--教材 | |
| 电子资源: | ||
| ISBN: | 978-7-112-25660-0 | |
| 000 | 01131nam 2200265 450 | |
| 001 | 202021191974 | |
| 005 | 20211025120131.0 | |
| 010 | @a978-7-112-25660-0@dCNY35.00 | |
| 100 | @a20210922d2021 em y0chiy50 ea | |
| 101 | 0 | @achi |
| 102 | @aCN@b110000 | |
| 105 | @aa a 000yy | |
| 106 | @ar | |
| 200 | 1 | @a建筑工程安全技术与管理@Ajian zhu gong cheng an quan ji shu yu guan li@f郝会娟主编 |
| 210 | @a北京@c中国建筑工业出版社@d2021.01 | |
| 215 | @a203页@c图@d26cm | |
| 225 | 2 | @a高职高专系列教材@Agao zhi gao zhuan xi lie jiao cai |
| 320 | @a有书目 | |
| 330 | @a本书分3个教学单元, 单元1侧重于土建施工的安全技术, 包括土方工程、脚手架工程、模板工程、高处作业、施工现场临时用电、施工现场施工机械等内容 ; 单元2包括脚手架工程和模板工程安全设计计算, 以及安全设计软件的应用 ; 单元3为安全管理与文明施工, 包括施工安全管理、安全技术管理、安全事故应急救援与处理、文明施工等内容。 | |
| 410 | 0 | @12001 @a高职高专系列教材 |
| 606 | 0 | @a建筑工程@Ajian zhu gong cheng@x安全技术@x高等职业教育@j教材 |
| 690 | @aTU714.2@v5 | |
| 701 | 0 | @a郝会娟@Ahao hui juan@4主编 |
| 801 | 0 | @aCN@c20210909 |
| 905 | @a河南城建学院图书馆@dTU714.2@eH137 | |
| 建筑工程安全技术与管理/郝会娟主编.-北京:中国建筑工业出版社,2021.01 |
| 203页:图;26cm.-(高职高专系列教材) |
| ISBN 978-7-112-25660-0:CNY35.00 |
| 本书分3个教学单元, 单元1侧重于土建施工的安全技术, 包括土方工程、脚手架工程、模板工程、高处作业、施工现场临时用电、施工现场施工机械等内容 ; 单元2包括脚手架工程和模板工程安全设计计算, 以及安全设计软件的应用 ; 单元3为安全管理与文明施工, 包括施工安全管理、安全技术管理、安全事故应急救援与处理、文明施工等内容。 |
| ● |
| 相关链接 |
|
|
|
正题名:建筑工程安全技术与管理
索取号:TU714.2/H137
 
预约/预借
| 序号 | 登录号 | 条形码 | 馆藏地/架位号 | 状态 | 备注 |
| 1 | 1540983 | 215409831 | 建筑库201/201建筑库 27排1列5层/ [索取号:TU714.2/H137] | 在馆 | |
| 2 | 1540984 | 215409840 | 建筑库201/201建筑库 27排1列5层/ [索取号:TU714.2/H137] | 在馆 |